Soleb. VI, Hommages à Michela Schiff Giorgini /

محفوظ في:

مؤلفون آخرون: Beaux, Nathalie (المحرر), Grimal, Nicolas-Christophe (المحرر), Schiff Giorgini, Michela, 1923-1978.

التنسيق: كتاب

اللغة: French

منشور في: Le Caire : Institut français d'archéologie orientale, 2013.

الموضوعات:

الوسوم: إضافة وسم

لا توجد وسوم, كن أول من يضع وسما على هذه التسجيلة!

رقم الطلب: ( F )DT129 .G49 v.6

LEADER 01018nam a2200265Ia 4500
003 OSt
005 20240917052500.0
008 230909s2013 ua aef 000 0 fre
952 |0 0  |1 0  |2 lcc  |4 0  |7 1  |9 50083  |a ARCE  |b ARCE  |d 2023-09-09  |l 0  |o ( F )DT129 .G49 v.6  |r 2023-09-09 00:00:00  |w 2023-09-09  |y BK 
999 |c 54706  |d 54706 
020 |a 9782724706451 
040 |c ARCE Library 
050 4 |a ( F )DT129 .G49 v.6 
245 0 0 |a Soleb.   |n VI,   |p Hommages à Michela Schiff Giorgini /   |c édité par Nathalie Beaux, Nicolas Grimal. 
264 1 |a Le Caire :   |b Institut français d'archéologie orientale,   |c 2013. 
300 |a vi, 216 pages :   |b illustrations, plans ;   |c 33 cm. 
546 |a Contributions in French, English and Italian. 
600 1 0 |a Schiff Giorgini, Michela, 1923-1978. 
650 0 |a Art, Egyptian. 
651 0 |a Egypt -- Antiquities. 
700 1 |a Beaux, Nathalie,   |e editor 
700 1 |a Grimal, Nicolas-Christophe,   |e editor 
700 1 |a Schiff Giorgini, Michela,   |d 1923-1978. 
901 |a reviewed 
942 |2 lcc  |c BK